000 007120000a22002050004500
090 _aAS
_bSERIADAS
245 1 0 _aTrichomycterus venulosus (Steindachner, 1915)
_sposible extint species from the Páramo Cruz Verde (Cundinamarca, Colombia)
651 4 _pColombia
_lPáramo de Cruz Verde
_992749
653 _eTrichomycterus venulosus
690 _aEspecies en extinción
_94653
690 _aPeces dulceacuículas
_9100440
041 0 _aEspañol
041 0 _aInglés
044 _aColombia
700 1 _aRivera Rondón, Carlos Alberto
_9100441
700 1 _aGuerrero Kommritz, Jurgen
_9100442
100 1 _aPrada Pedreros, Saúl
_95098
942 _cARTICULO
773 1 _tBiota Colombiana
_h1
_q163-166
_d2006
_g7
999 _c16249
_d16249